Measurement and data analysis for engineering and science

সংরক্ষণ করুন:
গ্রন্থ-পঞ্জীর বিবরন
প্রধান লেখক: Dunn, Patrick F.
বিন্যাস: গ্রন্থ
ভাষা:Undetermined
প্রকাশিত: Boston McGraw-Hill Higher Education 2005
বিষয়গুলি:
ট্যাগগুলো: ট্যাগ যুক্ত করুন
কোনো ট্যাগ নেই, প্রথমজন হিসাবে ট্যাগ করুন!
Thư viện lưu trữ: Trung tâm Học liệu Trường Đại học Cần Thơ
LEADER 00547nam a2200193Ia 4500
001 CTU_152334
008 210402s9999 xx 000 0 und d
020 |c 89.95 
082 |a 530.8 
082 |b D923 
100 |a Dunn, Patrick F. 
245 0 |a Measurement and data analysis for engineering and science 
245 0 |c Patrick F. Dunn 
260 |a Boston 
260 |b McGraw-Hill Higher Education 
260 |c 2005 
650 |a Physical measurements,Statistics 
904 |i pha 
980 |a Trung tâm Học liệu Trường Đại học Cần Thơ